[Event "EICC 2019"]
[Site "Skopia"]
[Date "2019.03.22"]
[Round "5.27"]
[White "Tsydypov, Zhamsaran"]
[Black "Rakhmanov, Aleksandr"]
[Result "0-1"]
[WhiteElo "2551"]
[BlackElo "2629"]
[Annotator "TA"]
[PlyCount "148"]
[EventDate "2019.03.18"]
[EventType "swiss"]
[EventCountry "MKD"]
[SourceTitle "playchess.com"]
[Source "ChessBase"]
[SourceQuality "1"]

{[%evp 9,148,28,27,27,19,6,13,-12,8,0,0,0,-4,-4,0,0,0,0,-2,-10,0,-44,-34,-37,-40,-25,-13,-11,-5,-5,-4,-7,-6,-8,-8,-16,-8,-9,-2,-6,-7,-5,0,-43,-19,-32,-35,-48,-50,-41,0,-2,0,0,0,0,0,-5,0,0,0,0,0,-3,-4,-8,0,0,0,0,0,0,0,0,0,0,0,0,0,0,0,-4,-2,-12,-4,-4,-5,-35,-35,-35,-35,-35,-35,-35,-35,-55,-55,-55,-55,-55,-55,-128,-55,-138,-107,-387,-55,-55,-55,-55,-55,-55,-55,-55,-55,-55,-55,-55,-55,-55,-55,-55,-55,-55,-55,-55,-55,-55,-55,-278,-88,-130,-130,-708,-676,-635,-614,-592,-564,-488,-479]} 1. e4 d5 2. exd5 Qxd5 3. Nc3 Qd8 4. d4 Nf6 5. Bg5 c6 6. Qd2 {B01: Scandinavian Defence} (6. Nge2 Bg4 7. f3 Bf5 8. g4 Be6 9. Nf4 Qd6 10. Qe2 h6 11. Bxf6 exf6 12. Qe3 Nd7 13. O-O-O O-O-O {1-0 (28) Motylev,A (2665)-Usmanov,V (2443) Sochi 2017}) 6... Bf5 7. f3 Nbd7 $146 ({Predecessor:} 7... e6 8. Nge2 h6 9. Be3 Bb4 10. a3 Qa5 11. Rd1 Bd6 12. Ng3 Bh7 13. Nge4 Be7 {1-0 (50) Pace,P (2233)-Giannetta,P (1980) Milan 2006}) 8. O-O-O {The position is equal.} e6 9. g4 Bg6 10. Nge2 h6 11. Bh4 Be7 12. Nf4 Bh7 13. Bg3 Qa5 14. Kb1 Bb4 15. Nd3 Bxc3 16. Qxc3 Qxc3 17. bxc3 Nd5 18. Kb2 N7b6 {Threatening ...Nc4+.} 19. Nc5 Ne3 20. Re1 Nbc4+ 21. Kc1 Nxf1 22. Rhxf1 O-O-O 23. Nd3 Rd5 24. Ne5 Nxe5 25. Rxe5 Rhd8 26. f4 Bg8 27. g5 Bh7 28. gxh6 gxh6 29. Bf2 b6 30. c4 R5d7 31. Rh5 {[#]} c5 $1 {[%mdl 512]} 32. Rxh6 (32. dxc5 Rd2) 32... Bf5 33. c3 Bd3 34. Rg1 Bxc4 {[%cal Rc5d4]} 35. a3 Kb7 36. Bh4 Rc8 37. Bf6 cxd4 38. Bxd4 Bd3 {And now ...Rxd4 would win.} 39. Kd2 Bf5 40. Rg7 Kc6 41. Rf6 Rh8 42. Rfxf7 Rxh2+ 43. Ke3 Rxf7 44. Rxf7 $11 {[%mdl 4096] Endgame KRB-KRB} a5 45. Be5 b5 46. Ra7 a4 47. Rc7+ Kd5 48. c4+ bxc4 49. Rd7+ Kc5 50. Rc7+ Kb5 {Hoping for ...Rh3+.} 51. Rb7+ Ka6 52. Rb4 Rh3+ 53. Kd4 c3 {Threatens to win with ...c2.} 54. Kc5 c2 $1 {[%cal Rc2c1]} 55. Rxa4+ Kb7 56. Rb4+ ({White should try} 56. Bb2 $1 $15) 56... Kc8 $17 57. Rc4 $2 {[%mdl 8192]} (57. Bb2 $17) 57... Rh1 $2 ({Black should play} 57... Rb3 $19 58. Kd6+ Kd8) 58. Kb4+ $15 Kb7 59. Bb2 Bd3 60. Rc3 Be4 61. a4 Rf1 62. Rc4 Bd3 63. Rd4 $1 {[%cal Rd4d7]} Rb1 64. Ka3 $1 Bf5 65. Rc4 Kb6 66. Bd4+ Ka6 67. Bb2 $1 Kb7 68. Ka2 Bd3 69. Rd4 $2 (69. Rc3 $15) 69... Be2 $2 (69... Ba6 $19 {is more deadly.} 70. Re4 c1=Q 71. Bxc1 Rxc1 72. Rxe6 Rc4 73. Re7+ Kb6) 70. Re4 {[#]} Bf3 $1 {[%cal Rf3e4]} 71. Re5 $2 {[%mdl 8192]} (71. Rb4+ $17 Ka6 72. Ka3) 71... Bd5+ $19 {Black is clearly winning.} 72. Ka3 Rf1 {( -> ...Rf3+)} 73. Re3 {and the idea Rc3 leaves White hopeful.} c1=Q 74. Bxc1 Rxc1 {Accuracy: White = 57%, Black = 65%.} 0-1

[Event "EICC 2019"]
[Site "Skopia"]
[Date "2019.03.22"]
[Round "5.28"]
[White "Paravyan, David"]
[Black "Kadric, Denis"]
[Result "1-0"]
[WhiteElo "2627"]
[BlackElo "2547"]
[Annotator "TA"]
[PlyCount "45"]
[EventDate "2019.03.18"]
[EventType "swiss"]
[EventCountry "MKD"]
[SourceTitle "playchess.com"]
[Source "ChessBase"]
[SourceQuality "1"]

{[%evp 11,45,31,31,43,32,25,45,23,48,33,43,25,21,24,10,32,98,87,145,139,155,156,144,136,151,137,229,233,227,239,501,480,607,606,587,594]} 1. e4 d6 2. d4 Nf6 3. Nc3 g6 4. Nf3 Bg7 5. Be3 a6 6. Qd2 O-O 7. Bh6 {B08: Pirc Defence: Classical System} (7. Bd3 Nc6 8. h3 e5 9. d5 Ne7 10. O-O-O b5 11. Bh6 b4 12. Bxg7 Kxg7 13. Ne2 c6 14. dxc6 Nxc6 15. Bc4 Qb6 16. Ng3 Na5 17. Bb3 Nxb3+ 18. axb3 Re8 {0-1 (38) Bok,B (2608)-Smirin,I (2667) Wijk aan Zee 2017}) 7... b5 8. Bxg7 Kxg7 9. Bd3 {White is slightly better.} Nc6 10. e5 dxe5 11. dxe5 Ng4 12. O-O-O b4 13. Rhe1 Be6 {[#]} ({Black should try} 13... Rb8 $14) 14. Nb1 $1 $36 {[%mdl 2048] Keeping Black busy.} Qd5 ({Wrong is} 14... Bxa2 $2 15. h3 $18) (14... Qe8 $142) 15. Be4 $146 Qc5 {Threatens to win with ...Rad8.} 16. Bxc6 $1 Qxc6 17. h3 Nh6 18. Qxb4 Bxa2 (18... Rfe8 $16) 19. Nc3 $18 ({Don't play} 19. Qxe7 $6 Nf5 $16) 19... Be6 20. Nd4 Qxg2 $2 {[#]} (20... Qe8 {was necessary.} 21. g4 Ng8) 21. Qxe7 {White is clearly winning.} Kg8 {intending ...Nf5.} 22. Qh4 Qxh3 23. Qf4 {Accuracy: White = 89%, Black = 34%.} 1-0

[Event "EICC 2019"]
[Site "Skopia"]
[Date "2019.03.22"]
[Round "5.29"]
[White "Martinovic, Sasa"]
[Black "Sarana, Alexey"]
[Result "1/2-1/2"]
[WhiteElo "2558"]
[BlackElo "2625"]
[Annotator "TA"]
[PlyCount "38"]
[EventDate "2019.03.18"]
[EventType "swiss"]
[EventCountry "MKD"]
[SourceTitle "playchess.com"]
[Source "ChessBase"]
[SourceQuality "1"]

{[%evp 12,38,0,0,0,0,0,0,0,0,0,10,37,16,22,20,19,10,13,0,0,0,0,0,0,0,0,0,0]} 1. d4 Nf6 2. c4 e6 3. Nc3 Bb4 4. Nf3 O-O 5. Bg5 c5 6. e3 cxd4 7. exd4 h6 {E21: Nimzo-Indian: 4 Nf3} 8. Bh4 Qa5 (8... d5 9. Rc1 Nc6 10. a3 Be7 11. c5 Ne4 12. Bxe7 Qxe7 13. Be2 Rd8 14. O-O e5 15. Nxe5 Nxe5 16. dxe5 Nxc3 17. Rxc3 {½-½ (47) Wojtaszek,R (2733)-Kramnik,V (2792) Dortmund 2018}) 9. Bd3 Bxc3+ 10. bxc3 Qxc3+ 11. Kf1 d6 12. Bxf6 gxf6 {The position is equal.} 13. h4 e5 14. Rc1 Qa5 15. Nd2 $146 ({Predecessor:} 15. g4) 15... Nc6 16. Nb3 Qd8 17. Qf3 Kg7 18. Qg3+ Kh8 19. Qe3 Kg7 {Accuracy: White = 86%, Black = 86%.} 1/2-1/2

[Event "EICC 2019"]
[Site "Skopia"]
[Date "2019.03.22"]
[Round "5.30"]
[White "Jobava, Baadur"]
[Black "Sychev, Klementy"]
[Result "0-1"]
[WhiteElo "2622"]
[BlackElo "2545"]
[Annotator "TA"]
[PlyCount "67"]
[EventDate "2019.03.18"]
[EventType "swiss"]
[EventCountry "MKD"]
[SourceTitle "playchess.com"]
[Source "ChessBase"]
[SourceQuality "1"]

{[%evp 19,67,9,3,-37,-25,-48,-35,-45,-28,-55,-43,-81,-8,0,0,-39,-45,-39,-54,-41,-17,-20,15,0,139,152,191,200,171,38,67,0,0,-406,-391,-412,-410,-804,-777,-734,0,-783,-732,-708,0,-473,-473,-473,-473,-705]} 1. Nf3 Nf6 2. c4 e6 3. d4 d5 4. Nc3 Bb4 5. cxd5 exd5 6. Qa4+ Nc6 7. Bg5 h6 8. Bxf6 Qxf6 9. e3 O-O 10. Rc1 Qg6 11. Kd2 $146 {D38: Queen's Gambit Declined: Ragozin Defence (4 Nf3 Bb4)} ({Predecessor:} 11. Qd1 Be6 12. h3 a6 13. Bd3 Qf6 14. O-O Rfd8 15. Na4 Bd6 16. Nc5 Bc8 17. Kh1 Ne7 18. e4 Bxc5 {1-0 (35) Bologan,V (2640)-Fressinet,L (2672) Doha 2016}) 11... a5 12. Rg1 Ne7 13. Bd3 {Black is slightly better.} Qf6 14. Ke2 c6 15. g4 g5 ({Black should try} 15... Bd6 $17) 16. h4 $11 Kg7 ({Of course not} 16... gxh4 $6 17. g5 $16) 17. hxg5 hxg5 18. Bf5 Rh8 19. e4 Ng6 20. e5 $1 {[%cal Re5f6]} Nf4+ 21. Ke3 Qe7 {[#]} (21... Qd8 $11) 22. Ne2 $1 $16 c5 23. Nxf4 cxd4+ {[#]} 24. Kd3 ({Stronger than} 24. Kxd4 gxf4 25. a3 b5 $11) (24. Ke2 $1 $18 gxf4 25. Qb5) 24... gxf4 $14 25. Rh1 (25. Qb5 $14) 25... b6 {[%cal Bb7b6,Bb6b5][%mdl 32] And now ...Ba6+ would win.} 26. Bxc8 $2 {[%mdl 8192]} (26. Kc2 $1 $11 {and White stays safe.}) 26... Rxh1 $19 (26... Raxc8 $2 27. Rxh8 Rxc1 28. Qe8 $17) ({Inferior is} 26... Rhxc8 27. a3 $15) 27. Rxh1 {Qc6 is the strong threat.} Rxc8 28. a3 (28. Qb5 $142 Qc7 29. Ke2) 28... Qc5 {[%csl Gc8,Gd5][%cal Rc5c4]} 29. axb4 Qc4+ 30. Kd2 b5 31. Qd1 d3 $2 (31... Qxb4+ $19 32. Ke2 Qxb2+ 33. Nd2 Rc2) 32. bxa5 $2 {[%mdl 8192]} (32. Nh4 $1 $11 {and White is okay.} Qxb4+ {[%mdl 64] Double Attack} 33. Kxd3 Qc4+ 34. Kd2 Qd4+ 35. Ke2 Qe4+ 36. Kd2 Qd4+ 37. Ke2 Qe4+ 38. Kd2 Qd4+) 32... Qb4+ 33. Kxd3 Qxb2 {( -> ...Rc3+)} 34. e6 {Accuracy: White = 32%, Black = 48%.} (34. Qd2 $142 Qb3+ 35. Ke2) 0-1

[Event "EICC 2019"]
[Site "Skopia"]
[Date "2019.03.22"]
[Round "5.31"]
[White "Smirin, Ilia"]
[Black "Christiansen, Johan-Sebastian"]
[Result "0-1"]
[WhiteElo "2618"]
[BlackElo "2539"]
[Annotator "TA"]
[PlyCount "64"]
[EventDate "2019.03.18"]
[EventType "swiss"]
[EventCountry "MKD"]
[SourceTitle "playchess.com"]
[Source "ChessBase"]
[SourceQuality "1"]

{[%evp 15,64,3,11,4,13,15,9,0,38,-6,-1,-11,6,13,4,6,20,0,0,-44,-47,-57,-58,-52,-46,-51,-42,-219,-213,-221,-230,-242,-120,-89,-84,-725,-764,-778,-748,-988,-1002,-999,-989,-958,-876,-5302,-5302,-2176,-1385,-29995,-29996]} 1. e4 e6 2. d4 d5 3. Nc3 Nf6 4. e5 Nfd7 5. f4 c5 6. Nf3 Nc6 7. Be3 Be7 8. Qd2 O-O 9. a3 {C11: French: Classical System: 4 e5 and 4 Bg5 dxe4} (9. dxc5 Qa5 10. a3 Bxc5 11. Bxc5 Nxc5 12. Bd3 Bd7 13. O-O Nxd3 14. cxd3 Rac8 15. Qf2 Qa6 16. Rad1 b5 17. f5 exf5 18. Nxd5 {1-0 (37) Anand,V (2773)-Christiansen,J (2555) St Petersburg 2018}) 9... Rb8 10. Be2 $146 ({Predecessor:} 10. Rd1 a6 11. Be2 b5 12. dxc5 Bxc5 13. Bxc5 Nxc5 14. b4 Nd7 15. O-O Bb7 16. Bd3 h6 17. Ne2 Rc8 18. Qe3 Qc7 19. Rfe1 Nb6 20. f5 {½-½ (20) Staudner,O (2392)-Lipka,J (2419) Austria 2013}) 10... b6 11. O-O {The position is equal.} f6 {Black wants to play ...fxe5.} 12. exf6 Nxf6 13. Kh1 Ng4 14. Bg1 Bd6 15. g3 Nh6 16. dxc5 bxc5 17. Nxd5 exd5 18. Qxd5+ {[%mdl 64] Double Attack} Nf7 {Threatens to win with ...Bb7.} 19. Qxc6 Bb7 $36 {[%mdl 2048] Black is pushing.} 20. Qa4 g5 $1 21. fxg5 $2 ({White should try} 21. Bd3 $15) 21... Ne5 $1 $19 {[%cal Re5f3]} 22. Qb3+ {[#]} Rf7 $1 23. Qc3 Qf8 (23... Qxg5 $1 $19 {Strongly threatening ...Qg4.} 24. Rad1 Qf6) 24. Kg2 $17 Re8 {And now ...Nxf3 would win.} 25. Rad1 $2 {[%mdl 8192]} (25. Qb3 $17) 25... Nxf3 $19 {[%mdl 64] Discovered Attack} 26. Bxf3 Re2+ $1 27. Kh3 Bxf3 28. Rxf3 {[#]} Qc8+ $1 29. g4 Re4 {[%csl Ge4][%cal Rc8g4]} 30. Rf5 Rxf5 31. Rxd6 Rff4 {[%csl Ge4,Gf4][%cal Rc8g4]} 32. Kg2 Re2+ {Accuracy: White = 37%, Black = 69%.} 0-1

[Event "EICC 2019"]
[Site "Skopia"]
[Date "2019.03.22"]
[Round "5.32"]
[White "Grigoriants, Sergey"]
[Black "Bluebaum, Matthias"]
[Result "1/2-1/2"]
[WhiteElo "2543"]
[BlackElo "2616"]
[Annotator "TA"]
[PlyCount "45"]
[EventDate "2019.03.18"]
[EventType "swiss"]
[EventCountry "MKD"]
[SourceTitle "playchess.com"]
[Source "ChessBase"]
[SourceQuality "1"]

{[%evp 18,45,8,0,0,0,0,9,4,-18,12,-24,13,8,24,7,14,14,20,7,10,10,10,10,10,14,6,21,16,17]} 1. c4 c6 2. Nf3 d5 3. e3 Nf6 4. Nc3 e6 5. d4 Nbd7 6. Qc2 Bd6 7. Bd3 O-O 8. O-O dxc4 9. Bxc4 e5 10. Bb3 h6 {D46: Semi-Slav: 5 e3 Nbd7 6 Bd3, Black avoids the Meran} 11. Rd1 {[#] Threatens to win with dxe5.} Qc7 12. h3 Re8 13. dxe5 Nxe5 {[#]} 14. Nh4 $146 (14. Nd4 {seems wilder.} a6 15. f4 Ned7 16. Nf5 Bf8 17. e4) ({Predecessor:} 14. Nd4 a6 15. a3 Bf8 16. Nde2 b5 17. Bd2 Bb7 18. Nf4 {½-½ (44) Sjugirov,S (2635)-Dubov,D (2594) Moscow 2012}) 14... Be6 (14... b5 {keeps more tension.} 15. a3 a5 16. Ba2 Rd8 17. Ne2 Ba6) 15. Bxe6 Rxe6 16. b3 Ree8 {The position is equal.} 17. Bb2 Rad8 18. Nf5 {f4 is the strong threat.} Bf8 19. Ne4 Nxe4 20. Qxe4 {[#] Black must now prevent Rxd8.} Ng6 21. Qg4 Rxd1+ 22. Rxd1 {Hoping for Rd7!} Rd8 23. Rxd8 {Accuracy: White = 78%, Black = 84%.} 1/2-1/2

[Event "EICC 2019"]
[Site "Skopia"]
[Date "2019.03.22"]
[Round "5.33"]
[White "Vocaturo, Daniele"]
[Black "Ivic, Velimir"]
[Result "0-1"]
[WhiteElo "2616"]
[BlackElo "2487"]
[Annotator "TA"]
[PlyCount "52"]
[EventDate "2019.03.18"]
[EventType "swiss"]
[EventCountry "MKD"]
[SourceTitle "playchess.com"]
[Source "ChessBase"]
[SourceQuality "1"]

{[%evp 10,52,45,15,34,31,30,33,30,12,45,45,54,11,26,18,58,4,20,-15,-14,-14,-14,-14,-17,-12,-13,-48,-19,-41,-16,-18,-8,-16,-13,-43,-43,-104,-89,-208,-202,-197,-199,-602,-600]} 1. d4 Nf6 2. c4 g6 3. Nc3 d5 4. Nf3 Bg7 5. cxd5 Nxd5 6. Bg5 Nxc3 {D90: Grünfeld: 4 Nf3 Bg7 sidelines} 7. bxc3 O-O 8. e3 c5 {White is slightly better.} 9. Bd3 Nd7 $146 ({Predecessor:} 9... h6 10. Bh4 Nc6 11. O-O b6 12. Be4 Bb7 13. dxc5 Qc7 14. cxb6 axb6 {0-1 (41) Van Wely,L (2622)-Gupta,A (2581) chess.com INT 2019}) 10. O-O Nf6 11. Rb1 b6 12. e4 Bb7 13. d5 (13. Qe2 $14) 13... h6 (13... c4 $5 {[%cal Rc4d3]} 14. Bxf6 Bxf6 15. Bxc4 Rc8 $11) 14. Be3 (14. Bxf6 $5 Bxf6 15. c4 $11) 14... c4 $1 {[%cal Rc4d3]} 15. Bc2 e6 16. dxe6 Nxe4 17. Qxd8 Rfxd8 18. exf7+ (18. Rb4 {keeps more tension.} Nxc3 19. exf7+ Kxf7 20. Rxc4 Rac8 21. Rxc8 Rxc8 22. Re1) 18... Kxf7 19. Rb4 Nxc3 {[#] Hoping for ...b5.} (19... Rac8 $5 {[%cal Re4c3]} 20. Ra4 a6 21. Bxe4 Bxe4 $11) 20. Rxc4 {Threatens to win with Rc7+.} Rac8 21. Rxc8 Rxc8 22. Bb3+ Bd5 23. Re1 {[#]} (23. g3 $15) 23... Rd8 $1 $17 24. Bd4 (24. Bxd5+ $17 {might work better.} Rxd5 25. a3) 24... Bxd4 $19 25. Nxd4 Bxb3 26. Nc6 $2 (26. Nxb3 Nxa2 27. f3) 26... Rd1 {Accuracy: White = 22%, Black = 58%.} 0-1

[Event "EICC 2019"]
[Site "Skopia"]
[Date "2019.03.22"]
[Round "5.34"]
[White "Predke, Alexandr"]
[Black "Grinberg, Eyal"]
[Result "1-0"]
[WhiteElo "2611"]
[BlackElo "2467"]
[Annotator "TA"]
[PlyCount "71"]
[EventDate "2019.03.18"]
[EventType "swiss"]
[EventCountry "MKD"]
[SourceTitle "playchess.com"]
[Source "ChessBase"]
[SourceQuality "1"]

{[%evp 21,71,40,47,44,42,20,38,34,58,-16,57,58,79,99,144,118,85,16,25,25,26,31,32,39,20,8,12,19,168,87,285,285,291,285,268,279,225,139,522,523,515,504,503,515,515,507,491,477,520,500,510,488]} 1. Nf3 d5 2. g3 Nf6 3. Bg2 c6 4. c4 Bg4 5. Ne5 Be6 6. cxd5 Bxd5 7. Nf3 c5 8. O-O {A11: English Opening: 1...c6} e6 9. Nc3 Bc6 10. Qc2 Nbd7 (10... Be7 11. Rd1 O-O 12. d4 cxd4 13. Nxd4 Bxg2 14. Kxg2 Nbd7 15. Bg5 {½-½ (15) Svidler,P (2765)-Karjakin,S (2760) Riadh 2017}) 11. e4 e5 {LiveBook: 3 Games} 12. d3 Bd6 $146 ({Predecessor:} 12... Be7 13. a4 O-O 14. Nd2 Ne8 15. Nc4 Nc7 {1-0 (54) Wagner,D (2564)-Schneider,I (2506) Germany 2018}) 13. Nh4 g6 14. a4 a6 15. f4 (15. Nf3 $14) 15... h6 (15... exf4 $1 $11 16. gxf4 Nh5) 16. Kh1 $14 Qe7 17. Nf3 Bc7 {[#]} 18. b4 $1 {[%mdl 512]} exf4 (18... cxb4 19. Nd5) 19. gxf4 (19. bxc5 $16 {And now d4 would win.} fxg3 20. d4) 19... cxb4 $11 {[#] Hoping for ...Qc5.} 20. Nd5 $1 {[%mdl 512]} Bxd5 21. Qxc7 Bc6 22. Bb2 Nc5 23. Qe5 Qxe5 24. Nxe5 Ke7 {[#]} (24... Nxa4 $11 {and Black stays safe.} 25. Bd4 Bb5) 25. Rfc1 ({White has to play} 25. f5 $1 $18 {[%cal Rf5g6]} g5 26. Rfc1) 25... Nb3 $2 (25... Ncd7 $16 {was called for.}) 26. Nxc6+ $18 bxc6 27. Rxc6 Nxa1 28. Bxf6+ Kd7 29. Rc4 {[%mdl 1024] Bh3+ is the strong threat. White has strong compensation.} Nb3 $2 {[%mdl 8192]} (29... Rhd8 $16) 30. Bh3+ {White is clearly winning.} Kd6 31. Be5+ Ke7 32. Rc7+ Kd8 {Black hopes to continue with ...Rf8.} 33. Rd7+ Ke8 34. Bxh8 Rd8 35. Rb7 Rxd3 36. Bf1 {Accuracy: White = 51%, Black = 31%.} 1-0

[Event "EICC 2019"]
[Site "Skopia"]
[Date "2019.03.22"]
[Round "5.35"]
[White "Van Foreest, Lucas"]
[Black "Bindrich, Falko"]
[Result "1/2-1/2"]
[WhiteElo "2515"]
[BlackElo "2610"]
[Annotator "TA"]
[PlyCount "53"]
[EventDate "2019.03.18"]
[EventType "swiss"]
[EventCountry "MKD"]
[SourceTitle "playchess.com"]
[Source "ChessBase"]
[SourceQuality "1"]

{[%evp 9,53,12,9,11,24,-17,-1,-11,0,0,0,0,2,-6,11,8,8,9,10,7,41,40,33,18,62,36,54,49,38,35,50,37,47,45,46,44,35,40,41,43,37,16,18,18,31,25]} 1. d4 Nf6 2. Nf3 d5 3. e3 c6 4. c4 Bf5 5. Nh4 Bxb1 6. Rxb1 {D12: Slav Defence: 3 Nf3 Nf6 4 e3 Bf5} e6 7. Bd3 $146 ({Predecessor:} 7. Nf3 Bb4+ 8. Bd2 Bxd2+ 9. Qxd2 Ne4 10. Qb4 Qb6 11. Qxb6 axb6 12. a3 Nd7 {½-½ (49) Popov,V (2580)-Dreev,A (2682) Sochi 2004}) 7... Bb4+ 8. Ke2 {The position is equal.} dxc4 9. Bxc4 O-O 10. Qb3 Qe7 11. Nf3 c5 12. a3 $36 {[%mdl 2048] White is pushing.} Ba5 13. Qb5 Bb6 $1 14. dxc5 Qxc5 (14... Bxc5 {is more complex.} 15. b4 Bd6 16. Bb2 a6 17. Qg5 Nbd7) 15. Qxc5 Bxc5 16. Rd1 Nc6 17. Bd2 Rac8 18. Bd3 Rfd8 19. h3 Bd6 20. g3 h6 21. b4 Nd5 22. Rbc1 Ne5 23. Nxe5 Bxe5 24. Rxc8 Rxc8 25. Rc1 Rxc1 26. Bxc1 f5 27. g4 {Accuracy: White = 51%, Black = 27%.} 1/2-1/2

[Event "EICC 2019"]
[Site "Skopia"]
[Date "2019.03.22"]
[Round "5.36"]
[White "Kourkoulos-Arditis, Stamatis"]
[Black "Zhigalko, Sergei"]
[Result "1/2-1/2"]
[WhiteElo "2435"]
[BlackElo "2604"]
[Annotator "TA"]
[PlyCount "81"]
[EventDate "2019.03.18"]
[EventType "swiss"]
[EventCountry "MKD"]
[SourceTitle "playchess.com"]
[Source "ChessBase"]
[SourceQuality "1"]

{[%evp 19,81,12,16,8,7,12,9,5,20,18,15,15,19,-25,0,-3,-2,-15,0,0,9,19,12,15,33,19,45,31,62,53,41,35,43,43,41,39,68,79,80,72,70,79,54,37,64,-81,-84,-102,-52,-49,-45,-73,-45,-82,0,0,0,0,0,0,0,0,0,0]} 1. d4 Nf6 2. c4 e6 3. Nf3 b6 4. g3 Ba6 5. b3 Bb4+ 6. Bd2 Be7 7. Bg2 d5 8. cxd5 exd5 9. O-O O-O 10. Nc3 Re8 11. Ne5 {E15: Queen's Indian: 4 g3 sidelines, 4 g3 Ba6 and 4 g3 Bb7 early deviations} Bb7 12. Rc1 Nbd7 {[%cal Bb8d7,Bd7f8,Bf8e6][%mdl 32]} 13. Bf4 c6 14. e4 Nf8 15. exd5 cxd5 {[#]} 16. Ne2 $146 ({Predecessor:} 16. Be3 h6 17. Bh3 Ba3 18. Rc2 Ba6 19. Re1 {1-0 (51) Fridman,D (2633)-Bosiocic,M (2599) Skopje 2018}) 16... Rc8 17. Rxc8 Qxc8 18. Qb1 Ne6 19. Be3 Bf8 20. Rc1 Qa8 21. Nf4 Nxf4 22. Bxf4 Ne4 23. b4 b5 24. Qb3 {[#] And now Bxe4 would win.} Nd6 25. Rc5 {[%cal Rg2d5]} f6 26. Nd3 $1 {Strongly threatening Bxd6.} (26. Bxd5+ Bxd5 27. Rxd5 fxe5 $11) (26. Rxd5 $2 Kh8 $19) 26... Nc4 $1 27. Rc7 ({Much worse is} 27. Rxb5 Bc6 $15) 27... g5 28. Qd1 {Threatens to win with Nc5.} Re7 29. Rxe7 Bxe7 30. Qe2 Kf8 31. Qh5 Kg7 32. h4 (32. Bc1 $14) 32... gxf4 $17 33. Nxf4 {Ne6+ is the strong threat.} Qg8 ({Don't go for} 33... Bxb4 $2 34. Ne6+ Kg8 35. Bh3 $18) 34. Qg4+ $1 Kf8 35. Qd7 {[%mdl 64] Double Attack} Nd6 36. Bf3 {[#]} ({Not} 36. Ne6+ $2 Kf7 $19) 36... Bc8 (36... f5 $1 $17) 37. Qxa7 $11 {The position is equal.} Be6 38. Qb8+ Kg7 39. Qc7 Kf8 40. Qb8+ Kg7 41. Qc7 {Accuracy: White = 53%, Black = 45%.} 1/2-1/2

[Event "EICC 2019"]
[Site "Skopia"]
[Date "2019.03.22"]
[Round "5.37"]
[White "Esipenko, Andrey"]
[Black "Arizmendi Martinez, Julen Luis"]
[Result "1-0"]
[WhiteElo "2603"]
[BlackElo "2506"]
[Annotator "TA"]
[PlyCount "63"]
[EventDate "2019.03.18"]
[EventType "swiss"]
[EventCountry "MKD"]
[SourceTitle "playchess.com"]
[Source "ChessBase"]
[SourceQuality "1"]

{[%evp 9,63,30,35,17,24,1,27,23,25,25,14,26,11,19,60,50,50,31,117,134,143,139,119,112,113,128,138,147,135,147,224,253,273,269,273,273,275,252,272,274,270,278,266,246,269,268,251,245,270,272,337,364,355,356,403,367]} 1. e4 c6 2. d4 d5 3. e5 c5 4. Nf3 Nc6 5. dxc5 e6 6. a3 {B12: Caro-Kann: Advance Variation} Bxc5 7. Bd3 Nge7 (7... Qc7 {feels hotter.} 8. Bf4 Nf6 9. Qe2 Nd7 10. Nbd2 Nd4) 8. b4 {White has an edge.} Bb6 9. O-O Ng6 10. Bb2 (10. Re1 a5 11. Bxg6 fxg6 12. b5 Ne7 13. a4 {1-0 (41) Vitiugov,N (2720)-Vaibhav,S (2590) Caleta 2019}) 10... O-O 11. Re1 Bd7 12. Nbd2 Bc7 13. g3 $146 f6 ({Black should try} 13... b5 $14) 14. exf6 $16 gxf6 15. c4 Nce5 16. Bf1 dxc4 17. Nxe5 Bxe5 18. Bxe5 ({But not} 18. Nxc4 $6 Bxb2 19. Nxb2 Qe7 $16) 18... Nxe5 19. Nxc4 Ba4 (19... Nxc4 $16 {was necessary.} 20. Bxc4 Re8 21. Qg4+ Kf8) 20. Qxa4 $18 Nf3+ 21. Kh1 Nxe1 22. Rxe1 Qd5+ 23. Kg1 b5 24. Qa6 bxc4 {[#]} 25. Bg2 $1 {[%cal Rg2d5]} ({Not} 25. Bxc4 Qd4 $16) 25... Qd7 {aiming for ...Rac8.} 26. Bxa8 ({Weaker is} 26. Qxc4 Rac8 $11) 26... Rxa8 27. Qxc4 {KQR-KQR} Re8 28. b5 Kg7 29. Qg4+ Kh8 30. a4 {[%cal Ba3a4,Ba4a5][%mdl 32]} f5 31. Qb4 Rc8 32. a5 {Accuracy: White = 100%, Black = 55%.} 1-0

[Event "EICC 2019"]
[Site "Skopia"]
[Date "2019.03.22"]
[Round "5.38"]
[White "Ragger, Markus"]
[Black "Warmerdam, Max"]
[Result "1/2-1/2"]
[WhiteElo "2696"]
[BlackElo "2448"]
[Annotator "TA"]
[PlyCount "98"]
[EventDate "2019.03.18"]
[EventType "swiss"]
[EventCountry "MKD"]
[SourceTitle "playchess.com"]
[Source "ChessBase"]
[SourceQuality "1"]

{[%evp 14,98,25,14,17,0,4,0,0,0,0,1,0,6,8,0,0,0,0,0,0,0,0,-2,0,0,36,29,12,15,20,0,0,0,26,14,4,0,17,3,12,0,0,0,0,-28,-28,-28,-28,-42,-29,-51,-14,-14,-15,-27,0,0,0,0,0,-31,-27,-70,-70,-70,-43,-62,-51,-86,-27,-30,-28,-42,0,0,0,0,0,0,0,0,0,-4,0,0,0]} 1. e4 e5 2. Nf3 Nc6 3. Bc4 Nf6 4. d3 Bc5 5. O-O O-O 6. Nbd2 d6 7. c3 h6 8. h3 a5 {C54: Giuoco Piano: 4 c3 Nf6, main lines with 5 d4 and 5 d3} 9. Re1 Be6 10. Bb5 Qb8 11. Nf1 Qa7 12. Be3 Bxe3 13. Nxe3 Ne7 14. a4 Ng6 15. Bc4 Bxc4 16. Nxc4 {[#]} Rfe8 $146 17. Qb3 Qa6 18. g3 Nf8 19. Qb5 b6 20. Qxa6 Rxa6 21. Nfd2 Ne6 22. f3 h5 23. h4 g6 24. Kf1 Nd7 25. Ne3 Kg7 26. Ndc4 Rf8 27. Nd5 f5 28. exf5 Rxf5 29. Ke2 Rf7 30. Nde3 Ra8 31. Rf1 Re8 32. Kd1 Ref8 33. Nd2 Nf6 34. Kc2 d5 35. Rae1 Nc5 36. Ng2 Re8 37. b3 Rfe7 38. Re2 d4 39. c4 Na6 {Strongly threatening ...Nb4+.} (39... Nfd7 {looks sharper.} 40. Ne4 Rf8 41. Ne1 Na6 42. Kb2 Ndc5) 40. Ne4 Nxe4 41. Rxe4 Nb4+ ({Black should play} 41... c6 $17) 42. Kd2 $11 Na2 43. Ree1 Nc3 44. Ne3 {The position is equal.} e4 (44... Kf6 {with more complications.} 45. g4 hxg4 46. Nxg4+ Kf5 47. Nh6+ Kf6) 45. fxe4 Nxe4+ 46. dxe4 dxe3+ 47. Rxe3 Rxe4 48. Rd3 c5 49. Rff3 R8e7 {Accuracy: White = 65%, Black = 63%.} 1/2-1/2